000 00761nam a2200205Ii 4500
003 JO-AjNU
008 230605s9999||||xx |||||||||||||| ||und||
017 _a1997/1346
040 _aJO-AjNU
_bara
_erda
_cJO-AjNU
041 _aara
050 1 4 _aHD30.22.T326.1998
100 3 _aالطائي، منى محمد علي,
_eauthor
_945441
245 0 0 _aالاقتصاد الاداري:اقتصاديات الاعمال،اقتصاديات المنشأة،الاقتصاد الجزئي التطبيقي
264 3 1 _aعمان:دار زهران للنشر والتوزيع،1998
300 _a275ص
336 _atext
_btxt
_2rdacontent
337 _aunmediated
_bn
_2rdamedia
338 _avolume
_bnc
_2rdacarrier
650 4 _aالاقتصاد-ادارة
_945442
999 _aA19699
_c23267
_d23267